| 000 | 00965cam a2200205 4500 | ||
|---|---|---|---|
| 005 | 20161114132359.0 | ||
| 008 | 161114b mx ||||| |||| 00| 0 spa d | ||
| 020 | _a9688590460 | ||
| 050 | 0 | 4 |
_aDS33 .4 .M6 _bP74 1990 |
| 245 | 0 | 3 |
_aLa Presencia novohispana en el pacífico insular : _bactas de las Primeras Jornadas Internacionales celebradas en la ciudad de México, del 19 al 21 de septiembre de 1989 / _cMa. Cristina Barrón ; Rafael Rodríguez-Ponga, coordinadores. |
| 250 | _a1a ed. | ||
| 260 |
_aMéxico : _bUniversidad Iberoamericana, _b Embajada de España en México, _bComisión Puebla V Centenario, _bPinacoteca Virreinal, _c1990 |
||
| 300 |
_a162 p. : _bil. ; _c21 cm. |
||
| 504 | _aIncluye bibliografía | ||
| 650 | 7 |
_2LEMB _aMexicanos en Asia _xCongresos |
|
| 651 | 7 |
_2LEMB _aAsia _xRelaciones _zMéxico _vCongresos |
|
| 651 | 7 |
_2LEMB _aMéxico _xRelaciones _zMéxico _vCongresos |
|
| 710 | 2 | _aJornadas Internacionales (2° : 1990 : Mexico) | |
| 942 |
_2lcc _cLIB |
||
| 999 |
_c61942 _d61942 |
||